[Event "Golden Cleopatra op"]
[Site "Cairo"]
[Date "2016.12.15"]
[Round "3"]
[White "Fawzy, Adham"]
[Black "Yusef, Naser"]
[Result "1-0"]
[WhiteElo "2421"]
[BlackElo "2091"]
[PlyCount "83"]
[EventDate "2016.12.13"]
[EventType "swiss"]
[EventRounds "10"]
[EventCountry "EGY"]
[SourceTitle "CBM 176 Extra"]
[Source "ChessBase"]
[SourceDate "2017.03.02"]
[SourceVersion "1"]
[SourceVersionDate "2017.03.02"]
[SourceQuality "1"]

1. e4 c6 2. Nc3 d5 3. Nf3 dxe4 4. Nxe4 Nf6 5. Nxf6+ exf6 6. d4 Nd7 7. Bd3 Bd6 8. 0-0 0-0 9. c4 Re8 10. Be3 Nf8 11. h3 Be6 12. Nh4 Ng6 13. Nf5 Bxf5 14. Bxf5 Ne7 15. Bc2 Ng6 16. Qf3 Bc7 17. Rfd1 Qd6 18. g3 Re7 19. h4 Rae8 20. Bb3 Qd7 21. h5 Nf8 22. Bc2 g6 23. Kg2 f5 24. d5 cxd5 25. Bc5 Re2 26. Bd3 Rxb2 27. hxg6 fxg6 28. Bd4 Rb6 29. cxd5 Be5 30. Bxb6 Bxa1 31. Bxa7 Bg7 32. Bc5 Qa4 33. Rb1 Qa5 34. Rb5 Qxa2 35. Rxb7 Qa4 36. Bb5 Qa8 37. d6 Re4 38. Bc6 Qa5 39. Bxe4 Qxc5 40. Qb3+ Kh8 41. Qf7 Qd4 42. Bd5 1-0

[Event "Cairo Heliopolis op 2nd"]
[Site "Cairo"]
[Date "2010.05.31"]
[Round "2"]
[White "Abdel Rahman, Alla"]
[Black "Yusef, Naser"]
[Result "1-0"]
[WhiteElo "2156"]
[BlackElo "2110"]
[PlyCount "83"]
[EventDate "2010.05.30"]
[EventType "swiss"]
[EventRounds "9"]
[EventCountry "EGY"]
[SourceTitle "EXT 2011"]
[Source "ChessBase"]
[SourceDate "2010.11.26"]
[SourceVersion "1"]
[SourceVersionDate "2010.11.26"]
[SourceQuality "1"]

1. Nf3 Nf6 2. c4 Nc6 3. d4 d5 4. Nc3 e6 5. g3 Be7 6. Bg2 0-0 7. 0-0 dxc4 8. e3 Nd5 9. Nd2 Bb4 10. Qc2 Nb6 11. a3 Bd6 12. Nce4 a6 13. Nxd6 cxd6 14. Nxc4 Nxc4 15. Qxc4 d5 16. Qd3 Bd7 17. Bd2 Na5 18. Rfc1 Bb5 19. Qc2 Nc4 20. Be1 Rc8 21. a4 Nb6 22. Qb3 Nc4 23. Qa2 Bc6 24. e4 Qd7 25. Bb4 Rfe8 26. e5 b5 27. a5 Qc7 28. b3 Nxe5 29. dxe5 Qxe5 30. Qd2 Red8 31. f4 Qf6 32. Ra2 Bb7 33. Rac2 h6 34. Rc7 Rxc7 35. Rxc7 Qa1+ 36. Bf1 Ba8 37. Bc3 Qb1 38. Qd4 Qg6 39. Bd3 e5 40. Bxg6 exd4 41. Bxf7+ Kh8 42. Bxd4 1-0